Statistics for Wards of Toronto

Click here to take the quiz!

General Stats

  • This quiz has been taken 13 times
  • The average score is 12 of 25

Answer Stats

Ward% Correct
Scarborough-North
100%
Davenport
75%
Etobicoke Centre
75%
Etobicoke-Lakeshore
75%
Etobicoke North
75%
Scarborough Southwest
75%
Toronto Centre
75%
York South-Weston
75%
Eglinton-Lawrence
50%
Humber River-Black Creek
50%
Parkdale-High Park
50%
Scarborough-Agincourt
50%
Scarborough Centre
50%
Toronto-Danforth
50%
Toronto-St. Paul's
50%
Beaches-East York
25%
Don Valley East
25%
Don Valley North
25%
Don Valley West
25%
Scarborough-Guildwood
25%
Scarborough-Rouge Park
25%
Spadina-Fort York
25%
University-Rosedale
25%
York Centre
25%
Willowdale
0%

Score Distribution

Percentile by Number Answered

Percent of People with Each Score

Your Score History

You have not taken this quiz